000 00387nam a22001457a 4500
005 20200619151550.0
008 200619b xxu||||| |||| 00| 0 eng d
082 _a345.4 LIC
110 _aALL INDIA REPORTER
_96239
245 _aLABOUR AND INDUSTRIAL CASES [1989] P- I LAB I.C
260 _aMUMBAI
_bALL INDIA REPORTER P vt Ltd
300 _a1168p.
650 _aLAW
_95701
942 _cJRL
999 _c7333
_d7331